| 000 | 00575nam a2200169 a 4500 | ||
|---|---|---|---|
| 008 | 120416s1966 ||||||||||||||||| || u | ||
| 050 | _aKD 171 Bar | ||
| 100 | _aBarber, Michael P | ||
| 245 | 1 | 0 | _aLandlord and tenant in a nutshell |
| 260 |
_aLondon _bSweet & Maxwell _c1966 |
||
| 300 | _axi, 66p. | ||
| 350 | _a0.00 | ||
| 650 | _aLAW | ||
| 650 | _aLANDLORDS--LAW AND LEGISLATION | ||
| 650 | _aTENANTS--LAW AND LEGISLATION | ||
| 995 |
_D0.00 _FCBU-MAIN LIBRARY (Kitwe) _H1 _I1.55 _M1 _UDAMAGED _ZMain Library Open Access Collection |
||
| 999 |
_c48850 _d48850 |
||